| 000 | 01296nam a22002657a 4500 | ||
|---|---|---|---|
| 005 | 20170123164153.0 | ||
| 010 | _aB-277123 | ||
| 020 |
_c300.00 _a8177701401 |
||
| 035 | _aB-277123 | ||
| 037 | _aCen Lib / Ret | ||
| 040 |
_aDPL _bPN |
||
| 082 |
_a850 _bਸੰਤੋਖ |
||
| 100 |
_aਸੰਤੋਖ ਸਿੰਘ ਸ਼ਹਰਯਾਰ _951904 |
||
| 245 |
_aਸਿੱਖ ਮਾਨਸਿਕਤਾ ਅਤੇ ਬਾਬਾ ਅਟੱਲ ਦੇ ਕੰਧ-ਚਿਤਰ / _cਸੰਤੋਖ ਸਿੰਘ ਸ਼ਹਰਯਾਰ ; ਬ੍ਰਿਜ ਬੇਦੀ |
||
| 246 |
_aSikkha mānasikatā ate Bābā Aṭṭala de kandha-citara / _bby Santokha Siṅgha Shaharayāra; Brija Bedī |
||
| 260 |
_aਅੰਮ੍ਰਿਤਸਰ _bਗੁਰੂ ਨਾਨਕ ਦੇਵਾ ਯੂਨੀਵਰਸਿਟੀ _c2007 |
||
| 270 |
_aਗੁਰੂ ਨਾਨਕ ਦੇਵਾ ਯੂਨੀਵਰਸਿਟੀ _bਅੰਮ੍ਰਿਤਸਰ |
||
| 300 |
_a86p. _c23cm(Hb) |
||
| 650 |
_a ਪੰਜਾਬੀ ਸਾਹਿਤ- ਕਹਾਣੀਆਂ _9136097 |
||
| 650 |
_a ਪੰਜਾਬੀ ਸਾਹਿਤ _9136098 |
||
| 650 |
_aPunjabi Literature-Stories _9136099 |
||
| 650 |
_aPunjabi Literature _9136100 |
||
| 700 |
_aਬ੍ਰਿਜ ਬੇਦੀ _9136101 |
||
| 942 |
_2ddc _cPN _h850 _mਸੰਤੋਖ |
||
| 999 |
_c110473 _d110473 |
||